Wenn ich mich recht erinnere ...: aus 32 Jahren Arbeit in der Leipziger Spielgemeinde ; Geschichte und Geschichten
| Main Author: | |
|---|---|
| Format: | Print Book |
| Language: | German |
| Subito Delivery Service: | Order now. |
| Check availability: | HBZ Gateway |
| WorldCat: | WorldCat |
| Interlibrary Loan: | Interlibrary Loan for the Fachinformationsdienste (Specialized Information Services in Germany) |
| Published: |
Leipzig
Evang. Verl.-Anst.
1994
|
| In: | Year: 1994 |
| Standardized Subjects / Keyword chains: | B
Leipziger Spielgemeinde
/ History
B Leipziger Spielgemeinde / History 1951-1994 B Theater / Church |
| Further subjects: | B
Theater
B Langhammer, Ruth B Leipzig B Experience account B Theater Germany Leipzig History 20th century |
MARC
| LEADER | 00000cam a2200000 c 4500 | ||
|---|---|---|---|
| 001 | 157235262 | ||
| 003 | DE-627 | ||
| 005 | 20251222202641.0 | ||
| 007 | tu | ||
| 008 | 940824s1994 gw ||||| 00| ||ger c | ||
| 015 | |a 94,N35,0719 |2 dnb | ||
| 015 | |a 94,A48,1450 |2 dnb | ||
| 016 | 7 | |a 941040429 |2 DE-101 | |
| 020 | |a 3374015387 |c : DM 14.80, sfr 15.80, S 116.00 (kart.) |9 3-374-01538-7 | ||
| 035 | |a (DE-627)157235262 | ||
| 035 | |a (DE-576)043972055 | ||
| 035 | |a (DE-599)GBV157235262 | ||
| 035 | |a (OCoLC)722682796 | ||
| 035 | |a (OCoLC)34613316 | ||
| 040 | |a DE-627 |b ger |c DE-627 |e rakwb | ||
| 041 | |a ger | ||
| 044 | |c XA-DE | ||
| 050 | 0 | |a PN2656.L3 | |
| 082 | 0 | |a 792/.09432/1220904 | |
| 084 | |a 49 |a 12 |2 sdnb | ||
| 084 | |a NZ 10450 |2 rvk |0 (DE-625)rvk/132423: | ||
| 084 | |a BP 5650 |2 rvk |0 (DE-625)rvk/15048: | ||
| 084 | |a AP 78818 |2 rvk |0 (DE-625)rvk/7978:676 | ||
| 084 | |a 24.06 |2 bkl | ||
| 084 | |a 15.48 |2 bkl | ||
| 100 | 1 | |a Langhammer, Ruth |4 aut | |
| 191 | |a 1 | ||
| 245 | 1 | 0 | |a Wenn ich mich recht erinnere ... |b aus 32 Jahren Arbeit in der Leipziger Spielgemeinde ; Geschichte und Geschichten |c zsgest. von Ruth Langhammer |
| 263 | |a kart. : DM 14.80, sfr 15.80, S 116.00 | ||
| 264 | 1 | |a Leipzig |b Evang. Verl.-Anst. |c 1994 | |
| 300 | |a 108 S |b Ill |c 22 cm | ||
| 336 | |a Text |b txt |2 rdacontent | ||
| 337 | |a ohne Hilfsmittel zu benutzen |b n |2 rdamedia | ||
| 338 | |a Band |b nc |2 rdacarrier | ||
| 583 | 1 | |a Archivierung prüfen |c 20240324 |f DE-4165 |z 1 |2 pdager | |
| 601 | |a Leipzig | ||
| 650 | 0 | 7 | |0 (DE-588)4059702-7 |0 (DE-627)106142550 |0 (DE-576)20913187X |a Theater |2 gnd |
| 651 | 7 | |0 (DE-588)4035206-7 |0 (DE-627)104798998 |0 (DE-576)209011246 |a Leipzig |2 gnd | |
| 653 | 0 | |a Theater |a Germany |a Leipzig |a History |a 20th century | |
| 653 | 0 | |a Langhammer, Ruth | |
| 655 | 7 | |a Erlebnisbericht |0 (DE-588)4133254-4 |0 (DE-627)105681490 |0 (DE-576)209642378 |2 gnd-content | |
| 689 | 0 | 0 | |d b |0 (DE-588)4354190-2 |0 (DE-627)181255391 |0 (DE-576)211557331 |2 gnd |a Leipziger Spielgemeinde |
| 689 | 0 | 1 | |q z |2 gnd |a Geschichte |
| 689 | 0 | |5 DE-101 | |
| 689 | 1 | 0 | |d b |0 (DE-588)4354190-2 |0 (DE-627)181255391 |0 (DE-576)211557331 |2 gnd |a Leipziger Spielgemeinde |
| 689 | 1 | 1 | |q z |2 gnd |a Geschichte 1951-1994 |
| 689 | 1 | |5 (DE-627) | |
| 689 | 2 | 0 | |d s |0 (DE-588)4059702-7 |0 (DE-627)106142550 |0 (DE-576)20913187X |2 gnd |a Theater |
| 689 | 2 | 1 | |d s |0 (DE-588)4030702-5 |0 (DE-627)104731745 |0 (DE-576)208988742 |2 gnd |a Kirche |
| 689 | 2 | |5 (DE-627) | |
| 935 | |a SAXB |a mteo | ||
| 935 | |i Blocktest | ||
| 936 | r | v | |a NZ 10450 |b Kirchengeschichte |k Geschichte |k Regionale Landeskunde |k Landesgeschichte Sachsen |k Kirchengeschichte |0 (DE-627)1272088219 |0 (DE-625)rvk/132423: |0 (DE-576)202088219 |
| 936 | r | v | |a BP 5650 |b Evangelische Kirche in der DDR |k Theologie und Religionswissenschaften |k Evangelische Kirchengeschichte |k Evangelische Kirchengeschichte Deutschlands |k Kirche unter Demokratie und Diktatur (Kirchengeschichte seit 1918) |k Evangelische Kirche seit 1918 (Gesamtdarstellungen) |k Evangelische Kirche nach dem 2. Weltkrieg (1945-1990) |k Evangelische Kirche in der DDR |0 (DE-627)1272617009 |0 (DE-625)rvk/15048: |0 (DE-576)202617009 |
| 936 | r | v | |a AP 78818 |b Deutschland (Östliche Länder) / DDR mit Berlin <Ost> |k Allgemeines |k Medien- und Kommunikationswissenschaften, Medienkulturwissenschaft, Kommunikationsdesign |k Theater |k Theaterwesen in einzelnen Ländern |k Europa |k Mitteleuropa |k Deutschland |k Deutschland (Östliche Länder) / DDR mit Berlin <Ost> |0 (DE-627)1272438368 |0 (DE-625)rvk/7978:676 |0 (DE-576)202438368 |
| 936 | b | k | |a 24.06 |j Theatergeschichte |0 (DE-627)106405845 |
| 936 | b | k | |a 15.48 |j Sachsen |j Sachsen-Anhalt |j Thüringen |x Geschichte |q coli-conc RVK->BK |q https://coli-conc.gbv.de/api/mappings/12049542-37ca-4bba-bde3-d461262ae937 |0 (DE-627)181571048 |
| 951 | |a BO | ||
| ELC | |b 1 | ||
| ORI | |a SA-MARC-ixtheo_oa001.raw | ||
| REL | |a 1 | ||
| STA | 0 | 0 | |a Church,Church,Church,Church in literature,History,History,History in art,Leipzig,Theater,Theater,Theatre,Theater life,Theaters,Theaters in literature |
| STB | 0 | 0 | |a Histoire,Histoire,Histoire,Leipzig,Théâtre,Théâtre,Théâtres,Église,Église |
| STC | 0 | 0 | |a Historia,Historia,Historia,Iglesia,Iglesia,Leipzig,Teatro,Teatro,Teatros |
| STD | 0 | 0 | |a Chiesa,Chiesa,Lipsia,Storia,Storia,Teatro,Teatro,Teatri |
| STE | 0 | 0 | |a 剧场,剧院,历史,史,教会,教会 |
| STF | 0 | 0 | |a 劇場,劇院,教會,教會,歷史,史 |
| STG | 0 | 0 | |a História,História,Igreja,Igreja,Leipzig,Teatro,Teatro |
| STH | 0 | 0 | |a История (мотив),История,Лейпциг (мотив),Театр (мотив),Театр,Церковь (мотив),Церковь |
| STI | 0 | 0 | |a Εκκλησία (μοτίβο),Εκκλησία,Θέατρο (μοτίβο),Θέατρο,Ιστορία (μοτίβο),Ιστορία,Λειψία (μοτίβο) |
| SUB | |a REL | ||
| SYE | 0 | 0 | |a Theaterleben,Theaterkultur |
| SYF | 0 | 0 | |a Urbs Lipzi,Lipzi,Lejpcig,Reichsmessestadt Leipzig,Lipsk,Lipcse,Messestadt Leipzig,Groß-Leipzig,Lipsia,Stadt Leipzig,Leipsic,Leipzic,Leyptzick,Lejpzjg,Leipsig,Leipsia,Gross-Leipzig,Liptzk,Leiptzk,Leyptzigk,Leipsique,Leipsick,Leypsic,Leipsic |
| SYG | 0 | 0 | |a Leipziger Spielgemeinde - Theater der Kirche , History,Geschichtliche Epoche,Historical development,Historische Entwicklung,Landesgeschichte,Regionalgeschichte,Ortsgeschichte,Zeitgeschichte , Leipziger Spielgemeinde - Theater der Kirche , Theaterleben,Theaterkultur , Church,Christliche Kirche,Christliche Kirche,Ekklesia , Rosenberg-Kirche,Notre-Dame-de-l'Assomption,Ste-Trinité,Sainte-Trinité |
| TIM | |a 100019510101_100019941231 |b Geschichte 1951-1994 | ||



